Colors in Flags - Simplified - Statistics

General Stats
  • This quiz has been taken 16 times
  • The average score is 4 of 15
Answer Stats
Amount Color % Correct
144 White
100%
80 Dark Red
47%
75 Light Red
33%
69 Black
27%
68 Dark Blue
27%
60 Dark Green
27%
6 Purple
20%
55 Dark Yellow
13%
7 Gray
13%
44 Light Blue
13%
37 Light Green
13%
47 Light Yellow
13%
12 Orange
13%
10 Dark Brown
7%
12 Light Brown
7%
No matching quizzes found
Score Distribution
Percent of People with Each Score
Percentile by Number Answered
Your Score History
You have not taken this quiz